£2 shop fee to beat internet (Record no. 62557)

MARC details
000 -LEADER
fixed length control field 01024cam a2200217 4500
001 - CONTROL NUMBER
control field WB3608-10
008 - FIXED-LENGTH DATA ELEMENTS--GENERAL INFORMATION
fixed length control field 000000n2000 000 0 eng u
035 ## - SYSTEM CONTROL NUMBER
System control number (Sirsi) u104270
245 ## - TITLE STATEMENT
Title £2 shop fee to beat internet
260 ## - PUBLICATION, DISTRIBUTION, ETC.
Date of publication, distribution, etc. 2000
490 ## - SERIES STATEMENT
Series statement Daily Telegraph
Volume/sequential designation 19 February 2000, 4(1)
520 ## - SUMMARY, ETC.
Summary, etc. In order to combat the growing popularity of online shopping, Bluewater shopping centre managers are considering charging shoppers a £2 entry fee which could generate £69m annually and allow them to stop charging rent to retailers. Retailers would then have resources to spend on making their shops more appealing, and savings could be passed on in terms of lower prices. The entrance fee idea has attracted interest from other large shopping centres.
590 ## - LOCAL NOTE (RLIN)
Local note WB
650 ## - SUBJECT ADDED ENTRY--TOPICAL TERM
Topical term or geographic name entry element BLUEWATER SHOPPING CENTRE
650 ## - SUBJECT ADDED ENTRY--TOPICAL TERM
Topical term or geographic name entry element E-COMMERCE
650 ## - SUBJECT ADDED ENTRY--TOPICAL TERM
Topical term or geographic name entry element ONLINE SHOPPING
650 ## - SUBJECT ADDED ENTRY--TOPICAL TERM
Topical term or geographic name entry element INTERNET RETAILING
650 ## - SUBJECT ADDED ENTRY--TOPICAL TERM
Topical term or geographic name entry element SHOPPING CENTRES
690 ## - LOCAL SUBJECT ADDED ENTRY--TOPICAL TERM (OCLC, RLIN)
Topical term or geographic name as entry element PROPERTY-COMMERCIAL PROPERTY-RETAIL PROPERTY
942 ## - ADDED ENTRY ELEMENTS (KOHA)
Suppress in OPAC 0
Holdings
Withdrawn status Lost status Source of classification or shelving scheme Damaged status Not for loan Home library Current library Shelving location Date acquired Total Checkouts Full call number Barcode Date last seen Copy number Price effective from Koha item type
    Dewey Decimal Classification     London London News article 22/02/2000   WB3608-10 104270-1001 06/08/2019 1 06/08/2019 Journal article